=LDR 00000nam 2200000 4500 =001 INLIS000000000045654 =005 20150206140611.0 =006 =007 =008 =020 ##$$a 979-534-711-8 =035 ##$$0010-021500000000214 =040 ##$$a NBPDMAT =082 ##$$a 509 =090 ##$$a 509 $b Roy s =100 ##$$a Royston M. Roberts =245 ##$$a Serendipity : $b Penemuan-penemuan dibidang sains yang tidak disengaja / $c Royston M Roberts; penerjema Endang Naskah Alamiah =250 ##$$a Cet.6 =260 ##$$a Jakarta : $b Pakar Raya Pustaka , $c 2010 =300 ##$$a 270 hlm. : $b ilus. ; $c 21 cm. =500 ##$$a Bibliografi : hlm248- 262 =500 ##$$a Indeks : hlm. 263-270 =650 ##$$a Sains- Penemuan =700 ##$$a Endang Naskah Alamiah